| 000 | 01120cab a22002175a 4500 | ||
|---|---|---|---|
| 001 | L157403 | ||
| 008 | 121123e2012 xxk 000 0 eng d | ||
| 035 | _a(Sirsi) u157403 | ||
| 041 | 0 | _aeng | |
| 100 | 1 | _aHunter, Rachel | |
| 245 | 0 | 4 | _aThe £1bn burden of bust Britain |
| 260 | _c2012 | ||
| 490 | 0 |
_aProperty Week _v78(45) 9 November 2012, 39-40(2) |
|
| 520 | _aLandlords and councils are being crushed by a burden of nearly £1bn losses caused by a raft of "scandalous" retailer prepacks and company voluntary arrangements (CVAs). 2012 is heading towards being the worst year for retail administrations since 2008 with 50 retail and leisure operators going bust to date. Under the impact of these retail administrations and CVAs retail property values have declined by more than 30% since 2007, dipping by 5% in the last year. Most landlords have tried to support retailers by offering monthly rents or shorter, more flexible leases. | ||
| 590 | _aKA | ||
| 650 | 2 | 4 | _aENTERPRISE ACT 2002 |
| 650 | 2 | 4 | _aINSOLVENCY ACT 1986 |
| 651 | 4 | _aUnited Kingdom | |
| 690 |
_aCommercial property _96227 |
||
| 942 | _n0 | ||
| 999 |
_c84365 _d84365 |
||